000 00759nam a2200229Ia 4500
001 8958
003 GE_BSU
008 181216s||||||||xx |||||||||||||| ||und||
040 _cGE_BSU
080 _a821.353.1–1
100 _aკვანტალიანი,შარლოტა
245 _aძახილი მეორე ნაპირიდან
245 _bლექსები
245 _cრედ. ლ.თურმანიძე.მხატვ. ლ.ტოზაშვილი
260 _aთბილისი
260 _bმერანი
260 _c1983
300 _a40გვ.17სმ.
653 _aლექსები
653 _aძახილი მეორე ნაპირიდან
942 _cBK
999 _c42263
_d42263